|
|
|
|
| LEADER |
00000cam a2200000 7i4500 |
| 001 |
0000004023 |
| 005 |
20151222.0 |
| 008 |
070724 |
| 020 |
|
|
|a 9833266134(set)
|
| 020 |
|
|
|a 9833266185
|
| 090 |
0 |
0 |
|a JF
|b MOR MAL (4166)
|
| 100 |
0 |
|
|a Rejab F.I
|
| 245 |
0 |
0 |
|a Buat baik berpada-pada buat jahat jangan sekali
|c Rejab F.I.
|
| 260 |
|
|
|a Selangor :
|b Pintar Firus ,
|c 2006
|
| 440 |
|
|
|a Siri kisah penuh tauladan
|
| 500 |
|
|
|a Children ages 7-9 years old (orange)
|
| 650 |
|
0 |
|a Junior fiction
|x Malay
|x Languages
|
| 650 |
|
0 |
|a Moral
|
| 999 |
|
|
|a 0000957229
|b Book
|c Children Collection
|e Cawangan Pontian
|
| 999 |
|
|
|a 0000957230
|b Book
|c Children Collection
|e Cawangan Pontian
|
| 999 |
|
|
|a 0000975311
|b Book
|c Children Collection
|e Cawangan Sri Merlong
|
| 999 |
|
|
|a 0000975312
|b Book
|c Children Collection
|e Cawangan Bandar Tenggara
|
| 999 |
|
|
|a 0000975313
|b Book
|c Children Collection
|e Cawangan Bandar Tenggara
|
| 999 |
|
|
|a 0000975314
|b Book
|c Children Collection
|e Perbadanan Perpustakaan Awam Johor
|